[Event "Oberliga Ost-B 2122"]
[Site "Germany"]
[Date "2022.05.01"]
[Round "3.1"]
[White "Hoffmann, Tim"]
[Black "Wehner, Janis"]
[Result "1/2-1/2"]
[WhiteElo "2148"]
[BlackElo "2135"]
[PlyCount "67"]
[EventDate "2021.10.10"]
[EventType "team-tourn"]
[EventRounds "11"]
[EventCountry "GER"]
[SourceTitle "EXT 2023"]
[Source "ChessBase"]
[SourceDate "2022.10.05"]
[SourceVersion "1"]
[SourceVersionDate "2022.10.05"]
[SourceQuality "1"]
[WhiteTeam "Gera"]
[BlackTeam "Erfurt Medizin"]
[WhiteTeamCountry "GER"]
[BlackTeamCountry "GER"]

1. e4 c5 2. Nf3 Nc6 3. d4 cxd4 4. Nxd4 Nf6 5. Nc3 d6 6. Be2 e5 7. Nb3 Be7 8. Be3 0-0 9. Qd2 Be6 10. Rd1 Na5 11. Nxa5 Qxa5 12. Nd5 Qxd2+ 13. Rxd2 Nxd5 14. exd5 Bd7 15. c4 f5 16. f3 Rfc8 17. Bd3 a6 18. Rc2 b5 19. Kd2 Bd8 20. a3 bxc4 21. Bxc4 Rcb8 22. b4 a5 23. Rb1 axb4 24. axb4 Bb5 25. Bb3 Bf6 26. Rc6 Be7 27. Rb6 Rxb6 28. Bxb6 Bg5+ 29. Be3 Bxe3+ 30. Kxe3 Kf7 31. Kd2 Ke7 32. Rc1 Kd7 33. Rc2 Ra3 34. Rb2 1/2-1/2

[Event "Oberliga Ost-B 2122"]
[Site "Germany"]
[Date "2022.03.05"]
[Round "8.1"]
[White "Legde, Georg"]
[Black "Hoffmann, Tim"]
[Result "1/2-1/2"]
[WhiteElo "2319"]
[BlackElo "2148"]
[PlyCount "119"]
[EventDate "2021.10.10"]
[EventType "team-tourn"]
[EventRounds "11"]
[EventCountry "GER"]
[SourceTitle "EXT 2023"]
[Source "ChessBase"]
[SourceDate "2022.10.05"]
[SourceVersion "1"]
[SourceVersionDate "2022.10.05"]
[SourceQuality "1"]
[WhiteTeam "Moerlenbach Birkenau"]
[BlackTeam "Gera"]
[WhiteTeamCountry "GER"]
[BlackTeamCountry "GER"]

1. Nf3 Nf6 2. c4 e6 3. g3 d5 4. Bg2 Be7 5. 0-0 0-0 6. d4 b6 7. cxd5 exd5 8. Nc3 Bb7 9. Bf4 c5 10. Rc1 Nbd7 11. Qc2 Ne4 12. Rfd1 Rc8 13. dxc5 Bxc5 14. Nd4 Ndf6 15. Bh3 Bxd4 16. Rxd4 Rc5 17. Qd3 Qe7 18. Nxe4 Nxe4 19. b4 Rxc1+ 20. Bxc1 Qc7 21. Bf4 Qc3 22. Qxc3 Nxc3 23. Rd2 Ba6 24. Bf1 Bc4 25. e3 Rc8 26. Be5 Ne4 27. Rc2 Ng5 28. Bg2 Rd8 29. Rd2 f6 30. Bc3 Kf7 31. f4 Ne6 32. Kf2 Ke7 33. a3 Nc7 34. Bb2 Nb5 35. e4 dxe4 36. Rxd8 Kxd8 37. Bxe4 h6 38. Ke3 Ke7 39. Bc2 Be6 40. f5 Bd5 41. a4 Nd6 42. Kd4 Bf3 43. Ke3 Bd5 44. Bd4 Kd7 45. g4 Bc4 46. h4 Nf7 47. Bd1 Kd6 48. Ke4 Bd5+ 49. Kf4 Bc4 50. Bf3 Ne5 51. Bxe5+ fxe5+ 52. Ke3 a5 53. bxa5 bxa5 54. Bd1 Bd5 55. g5 hxg5 56. hxg5 Bc6 57. Bb3 Bd7 58. f6 gxf6 59. gxf6 Bxa4 60. Bxa4 1/2-1/2

[Event "DSOL 02 Liga Gr-C 1st"]
[Site "Playchess.com INT"]
[Date "2020.07.30"]
[Round "6.1"]
[White "Hoffmann, Tim"]
[Black "Einwiller, Dieter"]
[Result "1/2-1/2"]
[WhiteElo "2155"]
[BlackElo "2047"]
[PlyCount "64"]
[EventDate "2020.06.22"]
[EventType "team-tourn (rapid)"]
[EventCountry "GER"]
[SourceTitle "EXT 2021"]
[Source "ChessBase"]
[SourceDate "2020.10.23"]
[SourceVersion "1"]
[SourceVersionDate "2020.10.23"]
[SourceQuality "1"]
[WhiteTeam "Gera"]
[BlackTeam "Pfullingen"]
[WhiteTeamCountry "GER"]
[BlackTeamCountry "GER"]

1. e4 d5 2. exd5 Nf6 3. Bb5+ Nbd7 4. Nc3 a6 5. Be2 b5 6. d4 Nb6 7. Bf3 Bb7 8. d6 Bxf3 9. dxc7 Bxd1 10. cxd8Q+ Rxd8 11. Nxd1 Rxd4 12. Nc3 e6 13. Nf3 Rd8 14. Bf4 Nfd5 15. Nxd5 Nxd5 16. Bd2 Be7 17. Ke2 Bf6 18. c3 0-0 19. a4 b4 20. cxb4 Rb8 21. Rac1 Nxb4 22. Rc4 Nd5 23. b4 Nb6 24. Rc6 Nxa4 25. Rb1 Rb6 26. Rbc1 h6 27. Ne1 Rfb8 28. Nd3 Kh7 29. f4 Bd4 30. Be3 Bxe3 31. Kxe3 Rxc6 32. Rxc6 Nb6 1/2-1/2

[Event "DSOL 02 Liga Gr-C 1st"]
[Site "Playchess.com INT"]
[Date "2020.07.10"]
[Round "3.1"]
[White "Paul, Anatolij"]
[Black "Hoffmann, Tim"]
[Result "1-0"]
[WhiteElo "2061"]
[BlackElo "2155"]
[PlyCount "69"]
[EventDate "2020.06.22"]
[EventType "team-tourn (rapid)"]
[EventCountry "GER"]
[SourceTitle "EXT 2021"]
[Source "ChessBase"]
[SourceDate "2020.10.23"]
[SourceVersion "1"]
[SourceVersionDate "2020.10.23"]
[SourceQuality "1"]
[WhiteTeam "Grosshansdorf"]
[BlackTeam "Gera"]
[WhiteTeamCountry "GER"]
[BlackTeamCountry "GER"]

1. d4 Nf6 2. c4 e6 3. g3 d5 4. Bg2 Be7 5. Nf3 0-0 6. 0-0 Nbd7 7. Qc2 b6 8. cxd5 Nxd5 9. a3 Bb7 10. e4 N5f6 11. Nc3 c5 12. Rd1 Rc8 13. Qe2 cxd4 14. Nxd4 Bc5 15. e5 Nd5 16. Nxd5 Bxd5 17. Bxd5 exd5 18. e6 fxe6 19. Qxe6+ Kh8 20. Qxd5 Qf6 21. Bf4 Nb8 22. Ne6 Qxb2 23. Nxf8 Rxf8 24. Qd2 Qf6 25. Be3 Nc6 26. Bxc5 bxc5 27. Qf4 Qxf4 28. gxf4 Nd4 29. Kg2 Rxf4 30. Rac1 Rg4+ 31. Kh3 h5 32. Rxc5 g5 33. Rc4 Rh4+ 34. Kg2 Rg4+ 35. Kf1 1-0

[Event "Mittelrhein Regionalliga 16/17"]
[Site "Nordrheinwestfalen"]
[Date "2016.12.18"]
[Round "5.8"]
[White "Hoffmann, Tim"]
[Black "Voleske, Peter"]
[Result "1/2-1/2"]
[WhiteElo "1920"]
[BlackElo "1852"]
[PlyCount "102"]
[EventDate "2016.09.11"]
[EventType "team-tourn"]
[EventRounds "11"]
[EventCountry "GER"]
[SourceTitle "EXT 2022"]
[Source "ChessBase"]
[SourceDate "2021.10.06"]
[SourceVersion "1"]
[SourceVersionDate "2021.10.06"]
[SourceQuality "1"]
[WhiteTeam "Aachen DJK Aufwärts III"]
[BlackTeam "Aachen SV II"]
[WhiteTeamCountry "GER"]
[BlackTeamCountry "GER"]

1. c4 c6 2. Nc3 d5 3. d4 Nf6 4. Nf3 e6 5. g3 Bd6 6. Bg2 Nbd7 7. 0-0 0-0 8. b3 dxc4 9. bxc4 e5 10. e3 exd4 11. exd4 Bb4 12. Qb3 Qa5 13. Bb2 Re8 14. Rfe1 Rxe1+ 15. Rxe1 Bf8 16. Ne4 Qc7 17. Nfg5 Nxe4 18. Nxe4 Nb6 19. d5 Bf5 20. f4 cxd5 21. cxd5 Qc4 22. Qxc4 Nxc4 23. Bd4 a6 24. h3 b5 25. g4 Bxe4 26. Bxe4 Nd6 27. Bd3 Rc8 28. Kf2 Nc4 29. Rc1 Ba3 30. Rc2 h6 31. Be4 Kf8 32. Ke2 Nd6 33. Rxc8+ Nxc8 34. Kd3 Nd6 35. Bf3 f6 36. h4 Ke7 37. h5 Bc1 38. Be3 Bxe3 39. Kxe3 Nc4+ 40. Kd4 Kd6 41. a4 Nb6 42. axb5 axb5 43. Be4 b4 44. Bc2 Nxd5 45. Ke4 Kc5 46. Bb3 Ne7 47. Be6 Nc6 48. Ba2 Nd4 49. g5 b3 50. Bxb3 fxg5 51. fxg5 Nxb3 1/2-1/2

[Event "GER-chT Lands U20"]
[Site "Hannover"]
[Date "2015.10.05"]
[Round "5.2"]
[White "Ruff, Maximilian"]
[Black "Hoffmann, Tim"]
[Result "1-0"]
[WhiteElo "2265"]
[BlackElo "2043"]
[PlyCount "57"]
[EventDate "2015.10.03"]
[EventType "team-swiss"]
[EventRounds "7"]
[EventCountry "GER"]
[SourceTitle "CBM 168 Extra"]
[Source "ChessBase"]
[SourceDate "2015.10.29"]
[SourceVersion "1"]
[SourceVersionDate "2015.10.29"]
[SourceQuality "1"]
[WhiteTeam "Baden (U20)"]
[BlackTeam "Thueringen (U20)"]
[WhiteTeamCountry "GER"]
[BlackTeamCountry "GER"]

1. c4 e5 2. e3 Nf6 3. d4 exd4 4. exd4 d5 5. Nf3 Bb4+ 6. Nc3 0-0 7. Bd3 Re8+ 8. Be3 Bg4 9. 0-0 c6 10. h3 Bh5 11. a3 Bd6 12. c5 Bc7 13. Bg5 h6 14. Bh4 g5 15. Bg3 Ne4 16. Bxc7 Qxc7 17. g4 Bg6 18. Ne5 Nxc3 19. bxc3 Bxd3 20. Qxd3 Nd7 21. Nxf7 Kxf7 22. Qh7+ Kf6 23. Qxh6+ Kf7 24. Qh7+ Kf6 25. f4 gxf4 26. g5+ Kxg5 27. h4+ Kg4 28. Qg6+ Kxh4 29. Kf2 1-0

[Event "GER-ch U18"]
[Site "Willingen"]
[Date "2015.05.29"]
[Round "8"]
[White "Hoffmann, Tim"]
[Black "Siegert, Gregor"]
[Result "1-0"]
[WhiteElo "2023"]
[BlackElo "1933"]
[PlyCount "125"]
[EventDate "2015.05.24"]
[EventType "swiss"]
[EventRounds "9"]
[EventCountry "GER"]
[SourceTitle "CBM 166 Extra"]
[Source "ChessBase"]
[SourceDate "2015.06.18"]
[SourceVersion "1"]
[SourceVersionDate "2015.06.18"]
[SourceQuality "1"]

1. e4 c5 2. Nf3 e6 3. d4 cxd4 4. Nxd4 a6 5. Bd3 Qc7 6. 0-0 Nf6 7. Qe2 d6 8. c4 Be7 9. Nc3 Nbd7 10. Kh1 b6 11. f4 Bb7 12. Bd2 Rc8 13. Nf3 Nc5 14. Bc2 0-0 15. Rae1 Ncd7 16. Bd3 Rfd8 17. b3 Nf8 18. Qf2 Qc5 19. h3 Qxf2 20. Rxf2 d5 21. cxd5 exd5 22. e5 Bc5 23. Rff1 d4 24. Ne2 Bxf3 25. Rxf3 Nd5 26. Be4 Bb4 27. Rd1 Bc5 28. Rd3 Ng6 29. g3 Nc7 30. b4 Bf8 31. Nxd4 Ne7 32. Be3 h5 33. a3 a5 34. b5 g6 35. a4 Kg7 36. Bf2 Rb8 37. Nc6 Nxc6 38. Bxc6 Rxd3 39. Rxd3 Ne6 40. Rd7 Bc5 41. Bd5 Bxf2 42. Kg2 Nxf4+ 43. gxf4 Bc5 44. Bxf7 Rf8 45. Be6+ Kh6 46. Kf3 Re8 47. Bd5 Re7 48. Rd8 Kh7 49. Ke4 Bg1 50. Rd6 Bc5 51. Rc6 Bg1 52. e6 Kg7 53. Ke5 Be3 54. Rc8 Bd2 55. Kd6 Bb4+ 56. Kc6 Bc5 57. Rb8 Kf6 58. Rxb6 Bxb6 59. Kxb6 Kf5 60. Kc6 Kxf4 61. Kd6 Re8 62. e7 Rh8 63. Bf7 1-0

[Event "GER-ch U18"]
[Site "Willingen"]
[Date "2015.05.26"]
[Round "4"]
[White "Hoffmann, Tim"]
[Black "Schulz, Lukas"]
[Result "0-1"]
[WhiteElo "2023"]
[BlackElo "2127"]
[PlyCount "60"]
[EventDate "2015.05.24"]
[EventType "swiss"]
[EventRounds "9"]
[EventCountry "GER"]
[SourceTitle "CBM 166 Extra"]
[Source "ChessBase"]
[SourceDate "2015.06.18"]
[SourceVersion "1"]
[SourceVersionDate "2015.06.18"]
[SourceQuality "1"]

1. e4 d5 2. exd5 Nf6 3. d4 Nxd5 4. c4 Nb6 5. Nf3 g6 6. c5 Nd5 7. Bc4 Bg7 8. Qb3 c6 9. Nc3 0-0 10. a4 Nxc3 11. bxc3 Nd7 12. 0-0 b6 13. Re1 bxc5 14. Ng5 e6 15. Bxe6 fxe6 16. Qxe6+ Kh8 17. Nf7+ Rxf7 18. Qxf7 Nf6 19. Bg5 Qd5 20. Qc7 Bh3 21. Qg3 Bf5 22. Re7 cxd4 23. Rae1 d3 24. Rxg7 Kxg7 25. Re5 Qd7 26. Qe3 Ng8 27. h3 Rd8 28. g4 d2 29. Qxd2 Qxd2 30. Bxd2 Bxg4 0-1

[Event "GER-ch U18"]
[Site "Willingen"]
[Date "2015.05.26"]
[Round "5"]
[White "Holtel, Jasper"]
[Black "Hoffmann, Tim"]
[Result "1-0"]
[WhiteElo "2012"]
[BlackElo "2023"]
[PlyCount "43"]
[EventDate "2015.05.24"]
[EventType "swiss"]
[EventRounds "9"]
[EventCountry "GER"]
[SourceTitle "CBM 166 Extra"]
[Source "ChessBase"]
[SourceDate "2015.06.18"]
[SourceVersion "1"]
[SourceVersionDate "2015.06.18"]
[SourceQuality "1"]

1. e4 c5 2. d4 cxd4 3. c3 dxc3 4. Nxc3 Nc6 5. Nf3 d6 6. Bc4 a6 7. Bg5 Nf6 8. Bxf6 gxf6 9. 0-0 e6 10. Nh4 Be7 11. Qh5 Ne5 12. Bb3 b5 13. f4 Nc4 14. f5 e5 15. a4 Bb7 16. Kh1 Qb6 17. axb5 axb5 18. Rxa8+ Bxa8 19. Ng6 Nd2 20. Bxf7+ Kd8 21. Rd1 b4 22. Nd5 1-0

[Event "GER-chT Lands U20"]
[Site "Hannover"]
[Date "2014.10.04"]
[Round "3.2"]
[White "Yankelevich, Lev"]
[Black "Hoffmann, Tim"]
[Result "1-0"]
[WhiteElo "2362"]
[BlackElo "2051"]
[PlyCount "59"]
[EventDate "2014.10.03"]
[EventType "team-swiss"]
[EventRounds "7"]
[EventCountry "GER"]
[SourceTitle "CBM 162 Extra"]
[Source "ChessBase"]
[SourceDate "2014.10.17"]
[SourceVersion "1"]
[SourceVersionDate "2014.10.17"]
[SourceQuality "1"]
[WhiteTeam "Rheinland Pfalz"]
[BlackTeam "Thueringen"]
[WhiteTeamCountry "GER"]
[BlackTeamCountry "GER"]

1. e4 c5 2. Nf3 d6 3. Nc3 Nf6 4. d4 cxd4 5. Nxd4 a6 6. h3 e5 7. Nde2 h5 8. g3 Be7 9. Bg2 Nbd7 10. a4 b6 11. Bg5 Bb7 12. h4 Qc7 13. Qd2 Nc5 14. Bxf6 Bxf6 15. Nd5 Bxd5 16. Qxd5 0-0 17. Nc3 Ne6 18. Qd1 Nd4 19. 0-0 g6 20. Nd5 Qd8 21. c3 Nc6 22. Qb3 Bg7 23. Qxb6 Qxb6 24. Nxb6 Ra7 25. Rfd1 Rd8 26. Nc4 Bf8 27. Rd2 Rad7 28. Rad1 a5 29. Bh3 Rb7 30. Nxd6 1-0

[Event "GER-chT Lands U20"]
[Site "Hannover"]
[Date "2014.10.03"]
[Round "1.2"]
[White "Hoffmann, Tim"]
[Black "Krause, Jonah"]
[Result "0-1"]
[WhiteElo "2051"]
[BlackElo "2148"]
[PlyCount "246"]
[EventDate "2014.10.03"]
[EventType "team-swiss"]
[EventRounds "7"]
[EventCountry "GER"]
[SourceTitle "CBM 162 Extra"]
[Source "ChessBase"]
[SourceDate "2014.10.17"]
[SourceVersion "1"]
[SourceVersionDate "2014.10.17"]
[SourceQuality "1"]
[WhiteTeam "Thueringen"]
[BlackTeam "Schleswig Holstein"]
[WhiteTeamCountry "GER"]
[BlackTeamCountry "GER"]

1. e4 c6 2. d4 d5 3. e5 Bf5 4. Nf3 e6 5. Be2 Nd7 6. Nbd2 Bg6 7. Nb3 Nh6 8. 0-0 Nf5 9. a4 a6 10. a5 c5 11. c3 Rc8 12. dxc5 Bxc5 13. Nxc5 Nxc5 14. Nd4 0-0 15. Nxf5 Bxf5 16. Be3 Bg6 17. Bd4 Qc7 18. f4 Ne4 19. Bd3 Qd7 20. Bxe4 Bxe4 21. b4 f5 22. h3 h6 23. Kh2 Kh7 24. g3 Rg8 25. Rg1 g5 26. fxg5 Rxg5 27. Qd2 Rg6 28. Raf1 Rcg8 29. Rf4 Qg7 30. Qf2 Qe7 31. Bc5 Qe8 32. Bd4 R8g7 33. Be3 Qb5 34. Bd4 Kg8 35. Bc5 Kf7 36. Bb6 Kg8 37. Ba7 Kh7 38. Bb6 d4 39. Bxd4 Bc6 40. Bc5 Qd3 41. Bd4 Qc4 42. Qf1 Qa2+ 43. Qf2 Qd5 44. Qf1 Qb3 45. Qf2 Kg8 46. Qe2 Qd5 47. Qf1 Bb5 48. Qf2 Rg5 49. Qf3 Qd7 50. Qf2 Qe8 51. Qf3 Bc6 52. Qe2 Kh7 53. Bf2 Rd7 54. Bd4 Rg6 55. Qe3 Rdg7 56. Qf2 Be4 57. Bc5 Qb5 58. Bd4 Rd7 59. Qe3 Bc6 60. Qf2 Qd3 61. Qe3 Qc4 62. Qf2 Rg8 63. Re1 Qd3 64. Qe3 Qc2+ 65. Qf2 Qb3 66. Qe3 Qd5 67. Qf2 Rdg7 68. Rg1 Rxg3 69. Qxg3 Rxg3 70. Kxg3 Qc4 71. Kh2 Qe2+ 72. Rf2 Qe4 73. Rgg2 f4 74. Rg1 Qf5 75. Rg4 f3 76. Rg3 Qf4 77. h4 Qxh4+ 78. Rh3 Qf4+ 79. Kg1 Qg4+ 80. Kh2 Qf4+ 81. Kg1 Kg6 82. Rfh2 Kf7 83. Kf2 Qd2+ 84. Kg3 Qe1+ 85. Kf4 Qc1+ 86. Kg3 Qg5+ 87. Kf2 Qd2+ 88. Kg3 Qg5+ 89. Kf2 Be4 90. Rxh6 Bf5 91. Be3 Qg7 92. Rf6+ Ke7 93. Kxf3 Qg4+ 94. Kf2 Kd7 95. Rh8 Kc6 96. c4 Bd3 97. b5+ axb5 98. cxb5+ Kxb5 99. Rf3 Be4 100. Rg3 Qf5+ 101. Ke2 Qxe5 102. Rg5 Bf5 103. Rc8 Qh2+ 104. Kd1 Kxa5 105. Bd2+ Ka4 106. Rc4+ Kb5 107. Rc3 Qh1+ 108. Ke2 Qe4+ 109. Kd1 e5 110. Rb3+ Kc5 111. Rc3+ Kd4 112. Rg8 Bg4+ 113. Kc1 Be6 114. Rd8+ Bd5 115. Kb2 Qe2 116. Kc2 b5 117. Re3 Qc4+ 118. Kd1 b4 119. Rg3 Qc7 120. Rxd5+ Kxd5 121. Bxb4 e4 122. Rg5+ Kd4 123. Bc5+ Kd3 0-1

[Event "Dresden ZMD op 23rd"]
[Site "Dresden"]
[Date "2014.08.23"]
[Round "9"]
[White "Hoffmann, Tim"]
[Black "Hansch, Torsten"]
[Result "1/2-1/2"]
[WhiteElo "1961"]
[BlackElo "2117"]
[PlyCount "65"]
[EventDate "2014.08.15"]
[EventType "swiss"]
[EventRounds "9"]
[EventCountry "GER"]
[SourceTitle "CBM 161 Extra"]
[Source "ChessBase"]
[SourceDate "2014.08.29"]
[SourceVersion "1"]
[SourceVersionDate "2014.08.29"]
[SourceQuality "1"]

1. e4 c5 2. Nf3 d6 3. d4 cxd4 4. Nxd4 Nf6 5. Nc3 a6 6. Bg5 e6 7. f4 Be7 8. Qf3 Qc7 9. 0-0-0 Nbd7 10. g4 b5 11. Bxf6 Nxf6 12. g5 Nd7 13. f5 Bxg5+ 14. Kb1 0-0 15. fxe6 Nb6 16. Qg3 Bf6 17. Bh3 Be5 18. Qd3 fxe6 19. Bxe6+ Kh8 20. Nd5 Nxd5 21. Bxd5 Rb8 22. Nc6 Rb6 23. Rhf1 Bf6 24. Nd4 Bg4 25. Rd2 Rbb8 26. Rdf2 Rbe8 27. h3 Bd7 28. h4 Qc8 29. h5 h6 30. Nf5 Bxf5 31. Rxf5 Re5 32. Qf3 Rxf5 33. Qxf5 1/2-1/2

[Event "GER-chT Lands U20"]
[Site "Hannover"]
[Date "2013.10.04"]
[Round "4.2"]
[White "Hoffmann, Tim"]
[Black "Kramer, Julian"]
[Result "0-1"]
[WhiteElo "1949"]
[BlackElo "2137"]
[PlyCount "68"]
[EventDate "2013.10.02"]
[EventType "team-swiss"]
[EventRounds "7"]
[EventCountry "GER"]
[SourceTitle "EXT 2014"]
[Source "ChessBase"]
[SourceDate "2013.11.20"]
[SourceVersion "1"]
[SourceVersionDate "2013.11.20"]
[SourceQuality "1"]
[WhiteTeam "Thueringen"]
[BlackTeam "Hamburg"]
[WhiteTeamCountry "GER"]
[BlackTeamCountry "GER"]

1. e4 c5 2. Nf3 d6 3. d4 cxd4 4. Nxd4 Nf6 5. Nc3 a6 6. Be2 e5 7. Nb3 Be7 8. Be3 Be6 9. Nd5 Nbd7 10. Qd3 Bxd5 11. exd5 0-0 12. g4 e4 13. Qd2 Ne5 14. Rg1 Qd7 15. g5 Nfg4 16. Bf4 f6 17. gxf6 Rxf6 18. Bxg4 Nxg4 19. Nd4 Raf8 20. Ne6 Rxf4 21. 0-0-0 Rxf2 22. Qb4 Rc8 23. c3 a5 24. Qxa5 Ne3 25. Rxg7+ Kh8 26. Rd4 Rf1+ 27. Kd2 Nf5 28. Rxe7 e3+ 29. Kd3 Qxe7 30. Rc4 Rd1+ 31. Kc2 Rd2+ 32. Kb3 Rg8 33. Re4 b6 34. Qb4 Rgg2 0-1

[Event "GER-chT Lands U20"]
[Site "Hannover"]
[Date "2013.10.02"]
[Round "1.2"]
[White "Moehn, Hans"]
[Black "Hoffmann, Tim"]
[Result "1-0"]
[WhiteElo "2205"]
[BlackElo "1949"]
[PlyCount "69"]
[EventDate "2013.10.02"]
[EventType "team-swiss"]
[EventRounds "7"]
[EventCountry "GER"]
[SourceTitle "EXT 2014"]
[Source "ChessBase"]
[SourceDate "2013.11.20"]
[SourceVersion "1"]
[SourceVersionDate "2013.11.20"]
[SourceQuality "1"]
[WhiteTeam "Sachsen"]
[BlackTeam "Thueringen"]
[WhiteTeamCountry "GER"]
[BlackTeamCountry "GER"]

1. e4 c5 2. Nf3 d6 3. d4 cxd4 4. Nxd4 Nf6 5. Nc3 a6 6. Be3 e5 7. Nb3 Be7 8. h3 h5 9. f4 Nbd7 10. Qf3 exf4 11. Bxf4 Ne5 12. Qe2 Qc7 13. 0-0-0 b5 14. Kb1 b4 15. Nd5 Nxd5 16. exd5 Bf6 17. Nd4 Bd7 18. Qd2 a5 19. Bg5 Bxg5 20. Qxg5 Kf8 21. Be2 Qd8 22. Qf4 g6 23. Ne6+ Bxe6 24. dxe6 Qc7 25. Qf6 Rh7 26. exf7 Rd8 27. Rhf1 a4 28. Bd3 Rg7 29. Qf4 Qb6 30. Qh6 Nxf7 31. Bxg6 Rd7 32. Bxf7 Rdxf7 33. Qh8+ Rg8 34. Rxf7+ Kxf7 35. Rf1+ 1-0

[Event "GER-ch Net final U18"]
[Site "Playchess.com INT"]
[Date "2012.09.15"]
[Round "9"]
[White "Hoffmann, Tim"]
[Black "Miller, Eduard"]
[Result "0-1"]
[WhiteElo "2027"]
[BlackElo "2085"]
[PlyCount "84"]
[EventDate "2012.09.15"]
[EventType "swiss (blitz)"]
[EventRounds "7"]
[EventCountry "GER"]
[SourceTitle "CBM 150 Extra"]
[Source "ChessBase"]
[SourceDate "2012.10.19"]
[SourceVersion "1"]
[SourceVersionDate "2012.10.19"]
[SourceQuality "1"]

1. e4 g6 2. d4 Bg7 3. Nf3 c5 4. c3 cxd4 5. cxd4 d5 6. e5 Nc6 7. Nc3 Nh6 8. Be3 Bg4 9. Be2 Nf5 10. h3 Bxf3 11. Bxf3 e6 12. Bg4 Qb6 13. Bxf5 gxf5 14. b3 Rc8 15. Qd2 f4 16. Bxf4 Qxd4 17. 0-0 Qxd2 18. Bxd2 Bxe5 19. Rac1 Kd7 20. Rfd1 Nd4 21. Kf1 Rc6 22. Na4 Rhc8 23. Rxc6 Rxc6 24. Bc3 Nf3 25. Bb4 Ng5 26. Nc5+ Kc8 27. Nd3 Bd6 28. Bd2 Ne4 29. Be3 b6 30. Bd4 Rc2 31. a4 Kd7 32. Be3 Nc3 33. Re1 e5 34. f4 exf4 35. Nxf4 d4 36. Bc1 Rxc1 37. Rxc1 Bxf4 38. Rc2 Kd6 39. Kf2 Kd5 40. Kf3 Be5 41. g4 d3 42. Rc1 d2 0-1

[Event "GER-ch Net qual3 U18"]
[Site "Playchess.com INT"]
[Date "2012.09.08"]
[Round "1"]
[White "Hoffmann, Tim"]
[Black "Biefel, Christian"]
[Result "1-0"]
[WhiteElo "1927"]
[BlackElo "1394"]
[PlyCount "149"]
[EventDate "2012.09.08"]
[EventType "swiss (blitz)"]
[EventRounds "7"]
[EventCountry "GER"]
[SourceTitle "CBM 150 Extra"]
[Source "ChessBase"]
[SourceDate "2012.10.19"]
[SourceVersion "1"]
[SourceVersionDate "2012.10.19"]
[SourceQuality "1"]

1. e4 c6 2. d4 d5 3. e5 Bf5 4. Nf3 e6 5. Be2 Nd7 6. 0-0 Ne7 7. Nh4 Rc8 8. Bg5 Qb6 9. b3 Bg6 10. a4 c5 11. Be3 Nc6 12. Nxg6 hxg6 13. c3 cxd4 14. cxd4 Bb4 15. Ra2 Na5 16. Na3 Bxa3 17. Rxa3 Qb4 18. Ra2 Rc3 19. Bd2 Qxb3 20. Qxb3 Rxb3 21. Bxa5 Ke7 22. Raa1 b6 23. Be1 Rc8 24. Bb5 Nb8 25. Bd2 a6 26. Be2 b5 27. axb5 axb5 28. Rab1 Rxb1 29. Rxb1 Rc2 30. Bb4+ Kd7 31. Bxb5+ Kd8 32. Bd6 Nc6 33. Bxc6 Rxc6 34. Kf1 Rc4 35. Bc5 f6 36. f4 g5 37. fxg5 fxg5 38. Kf2 Ke8 39. Kg3 Kf7 40. Kg4 Kg6 41. Rb4 Rc2 42. Kg3 Kf5 43. Rb3 Rd2 44. Rf3+ Kg6 45. Rf2 Rd3+ 46. Kg4 Kh6 47. g3 Kg6 48. h4 gxh4 49. gxh4 Kh6 50. h5 Rd1 51. Rg2 Rf1 52. Rg3 Rf5 53. Bb4 Rxh5 54. Rh3 Rxh3 55. Kxh3 Kg5 56. Kg3 Kf5 57. Kf3 g5 58. Be7 Kg6 59. Kg4 Kf7 60. Bxg5 Ke8 61. Kh5 Kd7 62. Kg6 Kc6 63. Kf6 Kb5 64. Kxe6 Kc4 65. Be3 Kd3 66. Kxd5 Kxe3 67. e6 Kf4 68. e7 Kf5 69. e8Q Kf6 70. Qe6+ Kg5 71. Qf7 Kh4 72. Qg6 Kh3 73. Ke4 Kh4 74. Kf4 Kh3 75. Qg3# 1-0